| 000 | 00803nam a2200253 a 4500 | ||
|---|---|---|---|
| 001 | BRCA_7835 | ||
| 005 | 20190320210021.0 | ||
| 008 | 071113s1875----fr-a######---#000-0#fre-# | ||
| 041 | _afre | ||
| 044 | _afr | ||
| 050 | 4 |
_aNK7106 _b.L37 _c1875 |
|
| 100 | 1 |
_aLasteyrie, Ferdinand de _919395 |
|
| 245 | 1 | 0 |
_aHistoire de l´orfevrerie depuis les temps les plus recules jusqu´a nos jours _cpar Ferdinand de Lasteyrie ; dessins de Justin Storck, P. Sellier. |
| 260 |
_aParís _bHachette _c1875 |
||
| 300 |
_a322 p. _bil., 61 láminas _c19 cm. |
||
| 440 | 0 |
_aBibliotheque des Merveilles _919396 |
|
| 500 | _aY35 | ||
| 650 | 1 | 4 |
_aOrfebrería _xHistoria _919397 |
| 650 | 1 | 4 |
_aPlatería _xHistoria _92975 |
| 700 | 1 |
_aStorck, Justin _919398 |
|
| 700 | 1 |
_aSellier, P. _919399 |
|
| 902 | _aGFM | ||
| 942 |
_2lcc _cB |
||
| 999 |
_c7509 _d7509 |
||